Statistics for Xanny Billie Eilish

Click here to take the quiz!

General Stats

  • This quiz has been taken 101 times
  • The average score is 150 of 199

Answer Stats

Answer% Correct
a
99%
to
97%
i
97%
be
97%
better
96%
xanny
95%
the
95%
not
93%
is
93%
dont
93%
feel
92%
in
92%
im
92%
what
92%
just
92%
it
92%
they
91%
about
91%
them
91%
need
91%
second
91%
must
89%
coke
89%
hand
89%
smoke
88%
canned
87%
something
87%
nothing
87%
without
86%
drinking
86%
missing
86%
off
84%
intoxicated
84%
table
84%
keep
84%
doing
84%
still
84%
as
83%
bring
83%
on
82%
scared
80%
but
80%
ever
79%
now
79%
only
79%
unstable
79%
and
78%
theyre
78%
or
75%
thats
75%
thing
75%
me
75%
their
71%
who
70%
give
70%
ashtrays
70%
one
68%
share
67%
whos
63%
come
62%
too
61%
stoned
59%
down
59%
designated
59%
kiss
55%
try
54%
drives
54%
mistake
54%
at
53%
sundown
53%
home
53%
your
51%
are
51%
morning
51%
sidewalk
51%
please
50%
waking
50%
up
50%
party
50%
cant
49%
heads
49%
sorry
47%
late
47%
every
46%
hurting
46%
pretty
45%
someone
43%
nobodys
43%
learning
43%
afford
43%
bad
42%
dance
41%
love
41%
silver
39%
circumstance
38%
isnt
38%
lake
37%
by
37%
same
37%
dying
36%
awfully
36%
blame
34%
make
34%
inebriated
34%
break
33%
cigarette
32%
mistakes
30%
thier
14%
somehting
1%

Score Distribution

Percentile by Number Answered

Percent of People with Each Score

Your Score History

You have not taken this quiz